000 00648nam a2200241 i 4500
001 C2-0245730
003 PPAK
005 20180727210636.0
008 030313s2002 my |||| ||||| | may d
020 _a9838934615
040 _aPPAK
_beng
_cPPAK
_erda
082 0 4 _a899.233
_223
090 0 0 _a899.233
_bABD
_dG
100 0 _aAbdul Rahim Awang,
_eauthor
245 1 0 _aKompilasi generasi yang hilang
264 1 _aKuala Lumpur :
_bCreative Enterprise ,
_c2002
300 _a223 pages ;
_c19 cm
336 _2rdacontent
_atext
337 _2rdamedia
_aunmediated
338 _2rdacarrier
_avolume
650 1 0 _aMalay fiction.
942 _ddc
_cB
999 _c59748
_d59748